Vista normal Vista MARC

Entrada Nombre personal

Número de registros utilizados en: 3

001 - NÚMERO DE CONTROL

  • Campo de control: 21908

003 - IDENTIFICADOR DE NÚMERO DE CONTROL

  • Campo de control: OSt

005 - FECHA Y HORA DE LA ULTIMA MODIFICACION

  • Campo de control: 20140721154850.0

008 - ELEMENTOS DE DATOS DE LONGITUD FIJA

  • Campo de longitud fija: 140708|| aca||aabn | a|a d

040 ## - FUENTE DE LA CATALOGACIÓN

  • Agencia original de catalogación: OSt

082 ## - NÚMERO DE LA CLASIFICACION DEWEY

  • Número de clasificación: 923.1809

100 1# - ENCABEZAMIENTO--NOMBRE DE PERSONA

  • Nombre personal: Alfonso X, Rey de Castilla
  • Subdivisión general: Crítica e interpretación

670 ## - FUENTE DE DATOS ENCONTRADOS

  • Fuente de citación: Fichero de Autoridades Virtual Internacional, 08-07-2014